|
|
|
|
| LEADER |
00000ckm a2200000 a 4500 |
| 001 |
vtls011843442 |
| 003 |
SK-MaSNL |
| 005 |
20260512125335.0 |
| 007 |
kp ho |
| 008 |
230706q1912 xo 000 g knhun |
| 015 |
|
|
|a SNBG1912
|
| 035 |
|
|
|a urn:nbn:sk:snk-km00dv6k
|
| 035 |
|
|
|a urn:nbn:sk:snk-km3lsvd
|
| 035 |
|
|
|a 7CC95BAB-E140-4CEC-AF2A-A06485AE124D
|
| 040 |
|
|
|a SNK
|b slo
|c SNK
|e AACR2
|
| 041 |
0 |
|
|a hun
|
| 043 |
|
|
|a e-xo---
|
| 044 |
|
|
|a xo
|c SK
|
| 072 |
|
7 |
|a 913
|x Regionálna geografia
|2 konspekt
|
| 080 |
|
|
|a 913(437.6)
|2 2011
|
| 080 |
|
|
|a (084.121)
|2 2011
|
| 080 |
|
|
|a 711.455:615.838
|2 2011
|
| 080 |
|
|
|a 721
|2 2011
|
| 245 |
0 |
0 |
|a Csiz-fürdö
|h grafika
|b Igazgatósági épűlet
|
| 260 |
|
|
|a [Číž?]
|b [vydavateľ neznámy]
|c [1912?]
|
| 300 |
|
|
|a 1 pohľadnica
|b kolorovaná
|c 9 x 14 cm
|
| 520 |
8 |
|
|a Zobrazenie: pohľad na budovu riaditeľstva pred ktorou stoja ľudia
|
| 610 |
2 |
7 |
|a Číž (Slovensko : kúpele)
|2 SNKKA
|9 183547
|
| 650 |
0 |
7 |
|a budovy
|2 SNKPH
|9 1283
|
| 650 |
0 |
7 |
|a kúpele
|2 SNKPH
|9 1139
|
| 651 |
|
7 |
|a Číž (Slovensko)
|2 SNKPHgeo
|9 12918
|
| 655 |
|
7 |
|a miestne pohľadnice
|2 SNKPH
|9 70510
|
| 655 |
|
7 |
|a historické pohľadnice
|2 SNKPH
|9 159703
|
| 852 |
|
|
|a Slovenská národná knižnica
|
| 958 |
|
|
|a GBN
|
| 958 |
|
|
|a GC
|
| 958 |
|
|
|a ONDV
|
| 999 |
|
|
|c 1031401
|d 1033331
|
| 952 |
|
|
|a SNK
|b SNK
|y PREZ
|7 0
|p 17A1233070
|o snkSP 10349
|z Pohľadnica prešla poštou.
|0 0
|1 0
|4 0
|d 2019-02-28
|f 1
|l 0
|r 2026-02-24 13:54:35
|w 2026-02-24
|